Principles Of Social And Political Theory (Record no. 1392698)

MARC details
000 -LEADER
fixed length control field 00670nam a2200253Ia 4500
008 - FIXED-LENGTH DATA ELEMENTS--GENERAL INFORMATION
fixed length control field 160620s9999||||xx |||||||||||||| ||und||
040 ## - CATALOGING SOURCE
Transcribing agency English
082 ## - DEWEY DECIMAL CLASSIFICATION NUMBER
Classification number XI.B Barker
082 ## - DEWEY DECIMAL CLASSIFICATION NUMBER
Item number BORI-92249
100 ## - MAIN ENTRY--PERSONAL NAME
Personal name Ernest Barker
245 ## - TITLE STATEMENT
Title Principles Of Social And Political Theory
300 ## - PHYSICAL DESCRIPTION
Extent Viii+283
300 ## - PHYSICAL DESCRIPTION
Dimensions B
300 ## - PHYSICAL DESCRIPTION
Accompanying material Paperback
530 ## - ADDITIONAL PHYSICAL FORM AVAILABLE NOTE
Uniform Resource Identifier <a href="00092249.pdf">00092249.pdf</a>
563 ## - BINDING INFORMATION
Binding note Study
600 ## - SUBJECT ADDED ENTRY--PERSONAL NAME
Personal name Ernest Barker
630 ## - SUBJECT ADDED ENTRY--UNIFORM TITLE
Uniform title Principles Of Social And Political Theory
650 ## - SUBJECT ADDED ENTRY--TOPICAL TERM
Topical term or geographic name as entry element "Social History,Culture"
650 ## - SUBJECT ADDED ENTRY--TOPICAL TERM
Topical term or geographic name as entry element General Indology
700 ## - ADDED ENTRY--PERSONAL NAME
Personal name Ernest Barker
730 ## - ADDED ENTRY--UNIFORM TITLE
Uniform title Principles Of Social And Political Theory
942 ## - ADDED ENTRY ELEMENTS (KOHA)
Koha item type Book

No items available.